[Event "SaitekSparc_Risc2500off"]
[Site "Zürich"]
[Date "2019.03.16"]
[Round "8"]
[White "Saitek Risc 2500 offensiv"]
[Black "Saitek Sparc"]
[Result "1-0"]
[WhiteElo "2247"]
[BlackElo "2254"]
[Annotator "KUT"]
[PlyCount "52"]
[EventDate "2019.??.??"]

1. e4 e6 {Vergleichsmatch 120'/40 der Spiel-Stile des Saitek Risc 2500 gegen
den Saitek Sparc | 8. Partie | offensiv=Sieg, normal=Remis, aktiv=Sieg |
Zwischenstand nach 8 Partien: offensiv=4,5 Pkt. (56%), normal=3,0 Pkt. (37%),
aktiv=5,0 Pkt. (62%) | In einer harmlos daherkommenden Eröffnungsvariante im
Winawer-System der Französischen Verteidigung muss der Schwarz spielende
Saitek Sparc eine bittere Niederlage hinnehmen. Auslöser war im 20. Zug der
Läuferzug nach a6 statt nach c6. Daraufhin konnte der Risc2500off mit dem
Bauernopfer 21.c6 alle Schleusen für den Angriff gegen den in der Brettmitte
stehenden schwarzen König öffnen. Eine hübsche Kurzpartie war die Folge.} 2.
d4 d5 3. Nc3 Bb4 4. e5 c5 5. a3 Bxc3+ 6. bxc3 Ne7 7. a4 Qa5 8. Qd2 Bd7 9. Nf3 {
Abweichung} (9. Ba3 cxd4 10. cxd4 Qxd2+ 11. Kxd2 Nf5 12. Nf3 Bxa4 13. Bd3 b5
14. Rhb1 a6 15. g4 Ne7 16. h4 Nbc6 17. Bd6 O-O 18. Ng5 h6 19. Nf3 f6 20. Ke3
Rad8 21. Bc5 fxe5 22. Bxe7 Nxe7 23. Nxe5 Rd6 24. h5 Rc8 25. Ra2 Nc6 26. Ng6 Rd7
27. f3 Rf7 28. Raa1 Na5 29. Ne5 Rfc7 30. Ra2 Nc6 31. Nxc6 Rxc6 32. Kd2 Kf7 33.
Rbb2 Ke7 34. f4 Rc3 35. Rb1 Kd6 36. Rbb2 R8c6 37. Ra1 Kd7 38. Re1 Kc7 39. f5
exf5 40. gxf5 Kb6 41. Re5 Kb7 42. Rxd5 Kc8 43. Ra2 Kb8 44. f6 gxf6 45. Rf5 a5
46. d5 Rc8 47. Rxf6 R3c5 48. Rxh6 Rxd5 49. Rh7 Rc6 50. Ke3 Re6+ 51. Kf4 Rf6+
52. Kg4 Rd4+ 53. Kg3 Rdf4 54. h6 Rf2 55. Rd7 R6f3+ 56. Kg4 Rf8 57. Rg7 Rh2 58.
Kg5 Rf3 59. h7 Rg2+ 60. Kh4 Rh2+ 61. Kg4 Rfh3 62. Bf5 Rh6 63. Re7 Rg2+ 64. Kf3
Rgh2 65. Kf4 R6h5 66. Be4 R2h4+ 67. Ke3 Rh2 68. Rb7+ Kc8 69. Ra7 Kd8 70. Rxa5
Ke7 71. Ra8 Kd6 72. Kd4 R5h3 73. Rd8+ Ke7 74. Rc8 Ke6 75. Bd3 Rh4+ 76. Kc5 Kd7
77. Rg8 Rh6 78. Ra1 R2h5+ 79. Kb4 Rh4+ 80. c4 Kc7 81. Rc1 Kb6 82. Bg6 Rh3 83.
c5+ Ka7 84. c6 Kb6 85. Rb8+ Ka6 86. c7 R3h4+ {1-0 (86) Saitek Risc 2500 aktiv 
(2247)-Saitek Sparc (2254) Zürich 2019}) 9... Nbc6 10. Be2 Rc8 11. dxc5 Ng6
12. O-O {***ENDE BUCH***} Ngxe5 13. Nxe5 Nxe5 {***ENDE BUCH***} 14. Ba3 Qc7 (
14... f6 15. f4 Nc4 16. Bxc4 dxc4 17. Rfe1 Qa6 18. Qd6 Rc6 19. Qb8+ Rc8 20. Qd6
Rc6 21. Qb8+ Rc8 22. Qd6 {½-½ (22) Saitek Risc 2500 normal (2247)-Saitek
Sparc (2254) Zürich 2019}) 15. f4 Nc6 16. c4 dxc4 17. Rad1 Ne7 18. a5 Bb5 19.
Qb4 Ba6 {? Sieht logisch aus, aber übersieht die gewaltige Stärke des
folgenden Bauernvorstosses. Deshalb war 19...Lc6 richtig.} 20. c6 {! Das
hätte Weiss nicht haben sollen.} Nxc6 {Etwas besser war noch ...bxc6} 21. Qc3
{! Ein stiller Angriffszug, der sofort alles klar macht. Schwarz steht auf
total verlorenem Posten, denn: Weiss beherrscht die offene d-Linie, der
schöne La3 nimmt dem gegnerischen König wichtige Felder, die weisse Dame
droht auf g7 zu nehmen.} Rg8 {Es scheitert ...f6 an Lh5 +-} 22. f5 {! Ein
weiterer tödlicher Mückenstich.} e5 23. Bf3 {Die Krönung der weissen
Strategie wäre 23.Dh3 gewesen. Aber auch der Textzug lässt dem Schwarzen
keine Verschnaufpause.} Ne7 24. Bd6 Qd7 25. Qxe5 {Jetzt kommt noch die
tödliche Fesslung auf der e-Linie hinzu.} g6 26. Rfe1 gxf5 {Schwarz gibt auf}
1-0

[Event "SaitekSparc_Risc2500off"]
[Site "Zürich"]
[Date "2019.03.19"]
[Round "9"]
[White "Saitek Sparc"]
[Black "Saitek Risc 2500 offensiv"]
[Result "1-0"]
[WhiteElo "2254"]
[BlackElo "2247"]
[Annotator "KUT"]
[PlyCount "74"]
[EventDate "2019.??.??"]

{[%evp 17,74,21,42,49,47,19,72,1,37,19,39,-11,79,56,91,75,70,88,226,126,104,
115,189,186,503,524,487,503,470,462,438,14,-14,-40,182,12,185,203,285,274,650,
265,29964,29960,29962,29971,29970,29971,29968,29972,29981,29982,29982,29983,
29982,29983,29983,29984,29986]} 1. e4 e5 {Vergleichsmatch 120'/40 der
Spiel-Stile des Saitek Risc 2500 gegen den Saitek Sparc | 9. Partie |
offensiv=Niederlage, normal=Sieg, aktiv=Remis | Zwischenstand nach 9 Partien:
offensiv=4,5 Pkt. (50%), normal=4,0 Pkt. (44%), aktiv=5,5 Pkt. (61%) | Statt
im 11. Zug zu rochieren, geht Schwarz mit ...Dc7 auf einen vermeintlichen
Bauernfang aus. Das wehrt der Saitek Sparc jedoch ab unter gleichzeitiger
Zerstörung der Rochademöglichkeit von Schwarz. Als dann Letzterer noch
freiwillig einen Bauern ins Geschäft steckt, erlangt der Saitek Sparc nach
einem taktischen Fehler seines Gegners eine gewinnbringende Stellung. Diese
vergeigt er dann aber wieder und nur dank weiterer Fehler des Risc2500off
gelangt Weiss erneut in die Gewinnzone. Dabei entsteht eine interessante
Konstellation: Schwarz hat Dame/Turm/Läufer/2Bauern gegen Dame/Turm/6Bauern
bei komplett entblösstem schwarzen König. Und es gelingt den beiden weissen
Schwerfiguren, die optimal zusammenarbeiten, den gegnerischen Skalp zu holen,
bzw. entscheidenden materiellen Vorteil zu erzielen.} 2. Nf3 Nf6 3. d4 Nxe4 4.
Bd3 d5 5. Nxe5 Nd7 6. Nxd7 Bxd7 7. O-O Bd6 8. c4 c6 {***ENDE BUCH***} 9. cxd5
cxd5 10. Nc3 Nxc3 11. bxc3 {***ENDE BUCH***} Qc7 $146 {? Dieser
materialistische begründete Doppelangriff auf die Bauern c3 und h2 hat den
Verlust der Rochade zur Folge. Richtig war deshalb 11...0-0} 12. Qe1+ {Weiß
steht besser.} Kf8 (12... Be6 13. Bb5+ Kf8 14. h3 Bf5 15. Qd2 Kg8 16. Re1 Rc8
17. Bb2 Bh2+ 18. Kh1 Bf4 19. Qe2 h5 20. Bd3 Bxd3 21. Qxd3 Rh6 22. Qf5 Rd8 23.
Re2 g6 24. Qc2 Rh8 25. Rae1 Bg5 26. Qb3 Bf6 27. Ba3 Rd7 28. Qa4 b6 29. Bc1 Rd8
30. Qb3 Qc6 31. Ba3 Rc8 32. Be7 Bg7 33. Re3 h4 34. Qa3 Rh5 35. f4 a5 36. Qb2
Re8 37. Qf2 Bf6 38. Bxf6 Rxe3 39. Qxe3 Qxf6 40. Kh2 Qd6 41. Qf2 Qc6 42. Re3 b5
43. Kh1 Kg7 44. Kg1 Rh8 45. f5 g5 46. Qf3 Qc4 47. f6+ Kh6 48. a3 Qb3 49. Kh2 a4
50. Re5 Rd8 51. Qf5 Rg8 52. Qd7 Kg6 53. Qc6 Rd8 54. Qc7 Rh8 55. Qc5 Rd8 56. Re7
Qb2 57. Qc7 Rf8 58. Rd7 Qxa3 59. Rxd5 Qc1 60. Rxb5 Rc8 61. Qxc8 Qf4+ 62. Kg1
Qc1+ 63. Kf2 Qd2+ 64. Kf1 Qd1+ 65. Kf2 Qd2+ 66. Kf3 Qd3+ 67. Kf2 Qxb5 68. Qg8+
Kxf6 69. Qd8+ Ke6 70. Qc8+ Qd7 71. Qc4+ Kf6 72. Ke2 Qb7 73. d5 a3 74. Qd4+ Kg6
75. Qd3+ Kg7 76. Qd2 f6 77. c4 Qb3 78. d6 Qxc4+ 79. Kf2 a2 80. Qb2 {0-1 (80)
Saitek Sparc (2254)-Saitek Risc 2500 normal (2247) Zürich 2019}) 13. h3 Re8
14. Be3 f6 {Abweichung} (14... f5 15. Qd1 Qxc3 16. Rc1 Qa3 17. Qd2 Kg8 18. Rc3
Qa5 19. Qb2 b6 20. g3 g6 21. Bd2 Qa4 22. Bf4 Bxf4 23. Ra3 Qc6 24. gxf4 Qb7 25.
Ba6 Qc7 26. Be2 Re7 27. Bf3 Be6 28. Qd2 Qd6 29. Rc3 Kf7 30. Rfc1 Bd7 31. Rc7 a6
32. Qd3 Be6 33. Rxe7+ Kxe7 34. Qxa6 Qxf4 35. Re1 Qd6 36. Qb7+ Kf6 37. Re5 Rd8
38. Qxh7 Ra8 39. Re2 Re8 40. Qh6 Qb4 41. Qh4+ Kf7 42. Qf4 Qc4 43. h4 Rc8 44.
Qe5 Rc6 45. Qh8 Qc1+ 46. Kg2 Qf4 47. Re3 Rc8 48. Qh7+ Kf6 49. Rxe6+ Kxe6 50.
Qxg6+ Ke7 51. Bxd5 Qg4+ 52. Qxg4 fxg4 53. Be4 Rc4 54. h5 Rxd4 55. h6 Kf6 56.
Bb1 Rd1 57. Bh7 b5 58. Bg8 Rd3 59. Kf1 Rh3 60. h7 Kg6 61. Ke2 Kg7 62. Kd2 b4
63. Kd1 Rh2 64. Ke1 Kh8 65. Kf1 Rh1+ 66. Ke2 Rh3 67. Ke1 Rh6 68. Ke2 Ra6 69.
Kd2 Kg7 70. Ke3 Rf6 71. Ke2 Kh8 72. Ke3 Rf3+ 73. Ke2 Rf5 74. Ke3 Rf6 75. Ke2
Kg7 76. Ke3 Rf3+ 77. Ke2 Kh8 78. Bd5 Rc3 79. Bg8 g3 80. fxg3 Rxg3 81. Kf2 Rh3
82. Ke2 Ra3 83. Kf2 Rc3 84. Ke2 Kg7 85. Kf2 Rh3 86. Ke2 Ra3 87. Ke1 Rd3 88. Ke2
Rh3 89. Kd2 Rf3 90. Ke2 Rg3 91. Kd2 Kh8 92. Ke2 Rh3 93. Kf2 Rh6 94. Ke3 Rh4 95.
Ke2 Rh5 96. Kd3 Rc5 97. Kd4 Rc7 98. Kd3 Rc1 99. Kd4 Rc6 100. Bd5 Rc7 101. Be4
Rc8 102. Bd3 Rd8+ 103. Kc4 Rd6 104. Be4 Kg7 105. Kc5 Rd8 106. Bf5 Rb8 107. Bd3
Kh8 108. Bb5 {½-½ (108) Saitek Sparc (2254)-Saitek Risc 2500 aktiv (2247)
Zürich 2017}) 15. Qb1 Rc8 {? Gibt den h7-Bauer für gar nichts. Zu versuchen
war 15...g6} 16. Bxh7 Bh2+ {Ein unsinniges Schach.} 17. Kh1 b6 18. Re1 {
Noch stärker war 18.f4, was den schwarzen Lh2 ins Abseits gezwungen hätte.}
Bd6 19. Bd2 Ba3 20. Qg6 {zielt auf Lh6! ab.} Bd6 {? Ein taktischer Fehler, den
ich vom Risc2500off nicht erwartet hätte.} 21. Bh6 {! Droht Dxg7 Matt und der
Läufer ist tabu wegen ...gxh6, Dxf6 Matt.} Rxh7 {erzwungen} 22. Qxh7 gxh6 23.
Qxh6+ Kf7 24. Qh5+ {? Vergeigt die gewonnene Stellung, was nach 24.Dh7 usw.
nicht der Fall gewesen wäre.} Kg7 {= Schwarz hat wieder ausgeglichen.} 25.
Qxd5 Be8 {? Mit a) ...Dc6 oder b) ...f5 und c) ...Lc6 standen drei günstigere
Fortsetzungen zur Verfügung, während nun Schwarz in Verlustgefahr gerät} 26.
Qf3 {Aber auch der Saitek Sparc schläft, statt 26.Te6 mit deutlichem Vorteil
zu wählen.} Bg6 {? Erneut ein Fehler, dabei stand Schwarz nach 26...Dd7
sicher.} 27. Re6 {! weisse Gewinnstellung} f5 28. Rae1 Rh8 29. a4 {? Bewahrt
zwar noch immer Vorteil, aber wesentlich stärker war 29.Dd5 +-} Rc8 {? Macht
es dem Gegner einfach, der durch das folgende Opfer nun Mattangriff erhält.}
30. Rxg6+ {! sehr gut} Kxg6 31. Re6+ Kg7 32. Qxf5 {Die zwei weissen
Schwerfiguren arbeiten optimal zusammen.} Bf8 33. Re4 Qc6 34. Rg4+ Kh8 35. Rh4+
Bh6 36. d5 Qd6 37. Qxc8+ Kh7 {Weiss gibt auf} 1-0

[Event "SaitekSparc_Risc2500off"]
[Site "Zürich"]
[Date "2019.03.20"]
[Round "10"]
[White "Saitek Risc 2500 offensiv"]
[Black "Saitek Sparc"]
[Result "1/2-1/2"]
[WhiteElo "2247"]
[BlackElo "2254"]
[Annotator "KUT"]
[PlyCount "151"]
[EventDate "2019.??.??"]

1. e4 e6 {Vergleichsmatch 120'/40 der Spiel-Stile des Saitek Risc 2500 gegen
den Saitek Sparc | 10. Partie | offensiv=Remis, normal=Niederlage, aktiv=Sieg
| Zwischenstand nach 10 Partien: offensiv=5,0 Pkt. (50%), normal=4,0 Pkt. (40%)
, aktiv=6,5 Pkt. (65%) | Keine aufregende, aber hochstehende Partie. Der
weisse Eröffnungsvorteil verflacht bald einmal. Schwarz gibt rechtzeitig
seinen Mehrbauer zurück, agiert aktiv und kann gar ein Turmendspiel mit
Mehrbauer erreichen. Dieses nicht zu gewinnende Endspiel behandeln beide
Programme tadellos. Und so erfolgt am Ende die verdiente Punkteteilung.} 2. d4
d5 3. Nc3 Bb4 4. e5 c5 5. Bd2 Nc6 6. Nb5 Bxd2+ 7. Qxd2 Nxd4 8. Nxd4 cxd4 9. f4
{***ENDE BUCH***} Ne7 10. Nf3 Nf5 11. Bd3 (11. Bb5+ Bd7 12. Bd3 Qb6 13. Bxf5
Qxb2 14. O-O exf5 15. Nxd4 Qa3 16. Rf3 Qa6 17. Rc3 O-O 18. Rc7 Rfd8 19. Qb4 b5
20. Rc5 Qb7 21. Rd1 Rac8 22. Qa5 Qa8 23. Rc3 Rxc3 24. Qxc3 Qb7 25. Qd3 g6 26.
Rb1 a6 27. a4 Qa7 28. axb5 Bxb5 29. Qc3 Rb8 30. Ra1 Bc4 31. Qe3 Qb6 32. Rd1 a5
33. Ra1 Rb7 34. Kf2 Rd7 35. Kg1 Qa7 36. Qc3 a4 37. Ra3 Rb7 38. Ra1 Rb4 39. Kf2
Qb6 40. Ke3 Ba6 41. Qd2 g5 42. g3 gxf4+ 43. gxf4 Kh8 44. h4 Bc8 45. Rd1 Be6 46.
Qc1 Qc5 47. Qa1 Rc4 48. Kd3 Qe7 49. Rh1 a3 50. c3 Rc8 51. h5 Qc5 52. Rh3 Rg8
53. Rh2 Qc4+ 54. Kc2 a2 55. Kd2 Rg3 56. Ne2 d4 57. Nxg3 {0-1 (57) Saitek Risc
2500 normal (2247)-Saitek Sparc (2254) Zürich 2019}) 11... Qb6 12. Bxf5 Qxb2 {
***ENDE BUCH***} 13. O-O exf5 14. Nxd4 Qa3 15. Rf3 Qa6 {Besser ist ...Da4 oder
...De7, um den folgenden Zug zu verhindern.} 16. Qb4 Qb6 17. Rb1 {Abweichung} (
17. Qxb6 axb6 18. a3 Ra4 19. Rd3 O-O 20. Rb1 g5 21. fxg5 Re8 22. Nf3 Ra5 23.
Rxb6 Rc5 24. Rd2 Ra5 25. Rb3 Kf8 26. Kf2 Kg8 27. Ke3 Rc5 28. Kf4 Re7 29. Nd4
Rc4 30. Rb5 Be6 31. g3 Kf8 32. Rd3 Rec7 33. Ke3 R4c5 34. Rxc5 Rxc5 35. Rb3 Bc8
36. Kf4 Rc4 37. Rb4 Rc3 38. a4 Rc7 39. a5 Rc5 40. Rb5 Rxb5 41. Nxb5 Bd7 42. Nd6
Bc6 43. Ke3 Ke7 44. Nxf5+ Kd7 45. c3 Bb5 46. h4 Bc6 47. Kd4 Ke6 48. Nd6 Kd7 49.
Nxf7 Ba4 50. Kxd5 Bb3+ 51. c4 Bd1 52. Kc5 Be2 53. Nd6 Bf3 54. Kb6 Bg2 55. Nxb7
Kc8 {1-0 (55) Saitek Risc 2500 aktiv (2247)-Saitek Sparc (2254) Zürich 2019})
17... Qxb4 18. Rxb4 O-O 19. Rc3 g6 20. Rc7 Rd8 21. a4 h6 22. Rb3 Kf8 23. Nb5
Rd7 24. Rbc3 Rxc7 25. Rxc7 b6 {Schwarz gibt einen Bauern zurück, um endlich
die Entwicklung abschliessen zu können.} 26. Nxa7 {Danach hat Schwarz keine
Probleme mehr. Anspruchsvoller wäre Kf2 oder Sd6 gewesen.} Be6 {Denn nun ist
der weisse Turm an die Deckung seines Springers gebunden und der Springer mag
wegen ...Txa4 nicht weichen.} 27. Kf2 g5 28. g3 gxf4 29. gxf4 Kg7 30. c3 Kg6
31. Re7 Kh5 32. Kf3 Kh4 {Schwarz hat die Initiative übernommen und es ist gar
Weiss, der aufpassen muss.} 33. Nb5 Rxa4 34. Nd4 Rc4 35. Nxe6 Rxc3+ 36. Ke2
fxe6 37. Rxe6 Kg4 38. Kd2 Rc4 39. Rxh6 Kxf4 40. Rxb6 Kxe5 {Dieses Turmendspiel
ist Remis.} 41. Rh6 f4 42. h4 f3 43. Ke3 Rc3+ 44. Kf2 Kf4 45. Rf6+ Kg4 46. h5
d4 47. h6 Rc2+ 48. Kg1 Rg2+ 49. Kf1 Rb2 50. h7 Rh2 51. Rf7 Kg3 52. Rg7+ Kf4 53.
Kg1 Rh3 54. Kf2 Ke5 55. Rd7 Ke4 56. Rf7 Kd5 {Schwarz kann keine Fortschritte
machen.} 57. Re7 Kd6 58. Re4 Kc5 59. Re7 Kd5 60. Rd7+ Kc4 61. Ra7 Kd3 62. Re7
Kd2 63. Rf7 Kc2 64. Rd7 (64. Rxf3 $4 {würde hingegen verlieren nach} Rxh7)
64... Kc3 65. Rc7+ Kb4 66. Rf7 Kb5 67. Ra7 Kc6 68. Rg7 Kd6 69. Rb7 Ke6 70. Rc7
d3 71. Ke3 Rh1 72. Rc6+ Kf5 73. Rc7 f2 74. Kxf2 d2 75. Rd7 Rxh7 76. Rxd2
1/2-1/2

[Event "SaitekSparc_Risc2500off"]
[Site "Zürich"]
[Date "2018.03.21"]
[Round "11"]
[White "Saitek Sparc"]
[Black "Saitek Risc 2500 offensiv"]
[Result "1-0"]
[WhiteElo "2254"]
[BlackElo "2247"]
[Annotator "KUT"]
[PlyCount "134"]
[EventDate "2019.??.??"]

1. d4 Nf6 {Vergleichsmatch 120'/40 der Spiel-Stile des Saitek Risc 2500 gegen
den Saitek Sparc | 11. Partie | offensiv=Niederlage, normal=Niederlage,
aktiv=Niederlage | Zwischenstand nach 11 Partien: offensiv=5,0 Pkt. (45%),
normal=4,0 Pkt. (36%), aktiv=6,5 Pkt. (59%) | Nachdem schon die Stile aktiv
und normal mit dem Budapester-Gambit gegen den Saitek Sparc gescheitert sind,
macht es Stil offensiv nicht besser. Der unglückliche Damenzug 23...Dg5
zwingt den Risc2500off, die Qualität zu geben. Mit einem weiteren schwachen
Damenzug 33...Dd7 schaufelt sich Schwarz endgültig das Grab. Infolge einer
Fesslung auf der Grundlinie geht zusätzlich Material verloren. Und als
schliesslich ein verzweifelter Angriff gegen den weissen König auf der
Diagonale a8-h1 abgewehrt werden konnte, war der Rest eine einfache Sache für
den Saitek Sparc.} 2. c4 e5 3. dxe5 Ng4 4. Bf4 Nc6 5. Nf3 Bb4+ 6. Nbd2 Qe7 7.
e3 Ngxe5 8. Nxe5 Nxe5 9. Be2 O-O 10. O-O Bxd2 11. Qxd2 d6 12. Rfd1 b6 13. b4
Bb7 {***ENDE BUCH***} 14. c5 dxc5 15. bxc5 {***ENDE BUCH***} Rfd8 {Mit 15...
Dxc5 wäre Schwarz sicher nicht schlechter als in der Partie gefahren.} (15...
Ng6 16. Qd7 Qxd7 17. Rxd7 Nxf4 18. exf4 Rac8 19. cxb6 Bc6 20. Rxc7 axb6 21.
Rxc8 Rxc8 22. Rc1 Bb7 23. Rxc8+ Bxc8 24. Bc4 Bd7 25. f3 b5 26. Bd5 Kf8 27. g4
f5 28. h3 Ke7 29. Kf2 h6 30. Kg3 g6 31. a3 Kf6 32. Kf2 h5 33. g5+ Ke7 34. Ke3
Be8 35. Kd4 Kd6 36. h4 Kd7 37. Kc5 Kc7 38. Be6 Bc6 39. Bf7 Bxf3 40. Bxg6 Kd7
41. Bxf5+ Ke7 42. Bd3 Kf8 43. Kxb5 Bd5 44. a4 Bf3 45. Kc5 Bb7 {1-0 (45) Saitek
Sparc (2254)-Saitek Risc 2500 aktiv (2247) Zürich 2019}) 16. Qc2 Ng6 17. Bg3
Be4 (17... Rxd1+ 18. Rxd1 bxc5 19. Rc1 Rd8 20. Qxc5 Qxc5 21. Rxc5 Rd2 22. Bf1
Rxa2 23. Rxc7 Rb2 24. Bd3 a5 25. f3 Nf8 26. Bc4 Ne6 27. Bxe6 Rb1+ 28. Kf2 fxe6
29. Be5 g6 30. Rg7+ Kf8 31. Rxh7 Bc6 32. Bd6+ Kg8 33. Re7 Rb2+ 34. Kg3 Bd5 35.
Ra7 Rb5 36. Bc7 Rb3 37. Bf4 Rb5 38. Bd6 Bb3 39. e4 Rh5 40. e5 a4 41. Ra8+ Kg7
42. h3 Rh8 43. Ra7+ Kg8 44. f4 Rh5 45. Ra8+ Kh7 46. Be7 Kg7 47. Bf6+ Kf7 48.
Ra7+ Kf8 49. Kf2 Bc2 50. h4 Kg8 51. Rg7+ Kf8 52. Rc7 Bd1 53. Ke1 Bg4 54. Rc8+
Kf7 55. Ra8 Bf5 56. Rxa4 Ke8 57. Ra7 Kf8 58. Ke2 Kg8 59. Rg7+ Kf8 60. Rd7 Kg8
61. Rd8+ Kf7 62. Kf3 Rh7 63. Rd2 Ke8 64. g4 Bb1 65. Rd6 Kf7 66. Rd7+ Kg8 67.
Rd8+ Kf7 68. Rd6 Bc2 69. Rb6 Bd1+ 70. Kg3 Ba4 71. Rd6 Bc2 72. Rd7+ Kg8 73. Rd8+
Kf7 74. Rd4 Bb3 75. Rb4 Bd5 76. Rb8 Bc6 77. Kf2 Rh6 78. Rc8 Bd7 79. Rc7 Ke8 80.
Ra7 Rh7 81. f5 gxf5 82. gxf5 exf5 83. e6 Bxe6 {1-0 (83) Saitek Sparc (2254)
-Saitek Risc 2500 normal (2247) Zürich 2019}) 18. Qc4 bxc5 {Die kaputte
schwarze Bauernstellung spricht klar zugunsten von Weiss.} 19. Rac1 Rxd1+ 20.
Bxd1 Rd8 21. Bxc7 Rd2 $6 {Hier gleicht 21...Dxc4 22.Dxe4 fast aus.} 22. Ba5 Bd5
{Deutlich besser ist ...Td7} 23. Qb5 Qg5 $2 {Schwach, weil der schwarze
Läufer nach einmal Txc5 gefesselt ist. Absolut notwendig war 23...Txa2,
wonach Weiss nur etwas besser steht. Nach dem Textzug wird der weisse Vorteil
deutlich.} 24. g3 {Nun drohen Lxd2 sowie auch Txc5.} Rxd1+ {Gibt die Qualität,
eine praktisch erzwungene Fortsetzung.} 25. Rxd1 Qh5 26. Re1 Bf3 27. Rb1 Qh3 {
Sieht gefährlich aus, aber Weiss hat alles im Griff.} 28. Qf1 Qf5 29. Rb8+ Nf8
30. Qb5 Qd5 {Leider funktioniert die angeblich auf eine Zugwiederholung
hinauslaufende Variante mit 30...Dh3 31.Df1 nicht, weil Weiss 30...Dh3 mit 31.
Txf8+ Kxf8, 32.Db8 Ke7, 33.Dd8 Ke6, 34.Dc8 nebst Dxh3 und Damengewinn
beantwortet.} 31. Qb3 Qe5 32. Qb2 Qe7 33. Rc8 Qd7 $2 {Verschlechtert die
Situation, weshalb ...Lg4 vorzuziehen ist.} 34. Rd8 Qe7 35. Qb8 {Jetzt ist
Schwarz total gefesselt und die tödliche Drohung La5-c7-d6 schwebt über
seinem Haupt.} Bc6 {Will zu Recht mit ...De4 gefährlich werden.} 36. Bc7 h6
37. Bf4 Qe4 38. Rxf8+ Kh7 39. Rh8+ Kg6 40. f3 {behebt das Matt auf g2} Qxf3 41.
Qd6+ f6 42. Qd3+ Be4 43. Qf1 {Der schliessliche Rettungszug.} Qh1+ 44. Kf2
Qxh2+ 45. Ke1 Qxa2 46. Qe2 {Mit Turm gegen nur 3 Bauern ist der Rest eine
Sache der Technik, die der Saitek Sparc problemlos bewältigt.} Qd5 47. Qg4+
Kf7 48. Rc8 Bf5 49. Qh5+ g6 50. Rc7+ Ke6 51. Qe2 Bd3 52. e4 Qxe4 53. Qxe4+ Bxe4
54. Bxh6 Kd5 55. Rxa7 c4 56. Bg7 f5 57. Ra5+ Kd6 58. Kd2 g5 59. Kc3 Bd3 60. Bf6
g4 61. Kd4 Kd7 62. Kd5 Kc7 63. Rc5+ Kb7 64. Kd6 f4 65. gxf4 Be2 66. Bd4 g3 67.
Rc7+ Ka6 {Schwarz gibt auf} 1-0